1228 1963 1299 1907 1285 1672 1862 1134 1114 1065 1325 1949 1443 1633 1526 1942 1096 1936 1811 1301 1858 1392 1144 1582 1636 1358 1962 1823 1254 1991 1017 1534 1836 1510 1311 1741 1785 1888 1659 1187 1117 1256 1854 1483 1533 1888 1406 1665 1891 1887 1987 1370 1760 1701 1728 1714 1434 1925 1048 1395 1882 1133 1704 1529 1974 1797 1043 1732 1424 1222 1320 1999 1907 1040 1331 1538 1718 1501 1469 1015 1445 1402 1979 1291 1565 1556 1451 1639 1478 1313 1114 1021 1521 1253 1552 1432 1081 1486 1968 BCNSPRNW ULIB Ver.6.0+V

เปลี่ยนเป็นภาษาไทย

Change to English
 แสดงรายละเอียดบรรณานุกรม
  กลับหน้าหลัก

Brief Record : Get Marc (ISO 2709) : E-mail record : QR code < ปิดหน้าต่าง
LEADER : 00000nam 2200000uu 4500
001    13399120344
003     ULIB
008    120918s2548||||th 000 0 tha d
020    ^a9747227339
060 04 ^aWY157^bว728ก 2548
100 0  ^aวิไลพรรณ สวัสดิ์พาณิชย์
245 10 ^aการพยาบาลมารดาหลังคลอด /^cวิไลพรรณ สวัสดิ์พาณิชย์
250    ^aพิมพ์ครั้งที่
260    ^aชลบุรี :^bภาควิชาการพยาบาลแม่และเด็ก คณะพยาบาลศาสตร์มหาวิทยาลัยบูรพา,^c2548
300    ^a123 หน้า :^bภาพประกอบ :^c27 ซม.
650  7 ^aการพยาบาลสูติศาสตร์
650  7 ^aระยะหลังคลอด^xการพยาบาล
710 2  ^aมหาวิทยาลัยบูรพา . ^bคณะพยาบาลศาสตร์.^bภาควิชาการพยาบาลแม่และเด็ก
945    ^p0^l0^i13855
995    ^aวิภา
999 ^a ใช้งานได้ทุกระบบ
รายการนี้ยังไม่มีแท็ก
คุณยังไม่ได้ล็อกอิน คุณสามารถมีกิจกรรมร่วมกับเว็บไซต์ได้ แต่ต้องล็อกอินก่อน ::
  ล็อกอิน

รายการสื่อสารสนเทศ

ลำดับที่ ประเภท เลขเรียก/บาร์โค้ด สถานที่ สถานะ
1. วิทยาศาสตร์การแพทย์ และสุขภาพ
วิทยาศาสตร์การแพทย์ และสุขภาพ
WY157 ว728ก 2548  
  Barcode: 13855
ห้องสมุดวิทยาเขตสวรรค์ประชารักษ์
►หนังสือทั่วไป
ถูกยืม กำหนดส่งวันที่ 15 พฤษภาคม 2558
  จอง

รายการใกล้เคียง
    ผู้แต่ง [วิไลพรรณ สวัสดิ์พาณิชย์]

    หัวเรื่อง [การพยาบาลสูติศาสตร์]

BibComment


ยังไม่เคยถูกคอมเมนท์

คอมเมนท์ทรัพยากรรายการนี้
  คอมเมนท์: การพยาบาลมารดาหล..


 Copyright 2026. Bcnsprnw @Library